000
00300nam a2200121Ia 4500
008
191201s2006 xx 000 0 und d
100
_a
BANCROFT, Randy
245
0
_a
Microstrip and Printed Antenna Design
260
_a
N. Delhi
_b
PHI
_c
2006
300
_a
250
650
_a
B.Tech(ECE)
942
_2
ddc
_c
BK
999
_c
6647
_d
6647